000
00296nam a22001337a 4500
008
170523b xxu||||| |||| 00| 0 eng d
020
_a
9780321105516
041
_a
eng
080
_a
94
100
_a
16
101
_a
SHH
245
_a
SOURCES OF THE WEST
_c
KISHLANSKY.M.A
942
_2
udc
_c
BK
999
_c
13847
_d
13847